[Event "Aktobe Dvorkovich Rapid op"]
[Site "Aktobe"]
[Date "2022.06.21"]
[Round "4"]
[White "Sadubayev, Airat"]
[Black "Orynbassarov, Zhalgas"]
[Result "1-0"]
[WhiteElo "2262"]
[BlackElo "1481"]
[PlyCount "64"]
[EventDate "2022.06.21"]
[EventType "swiss (rapid)"]
[EventRounds "9"]
[EventCountry "KAZ"]
[SourceTitle "CBM 209 Extra"]
[Source "ChessBase"]
[SourceDate "2022.09.30"]
[SourceVersion "1"]
[SourceVersionDate "2022.09.30"]
[SourceQuality "1"]

1. e4 c6 2. d4 d5 3. e5 Bf5 4. Nd2 e6 5. Nb3 Nd7 6. Nf3 h6 7. Be2 Ne7 8. 0-0 Bg6 9. Bd2 Nf5 10. a4 Be7 11. g4 Nh4 12. Nxh4 Bxh4 13. f4 Be4 14. Bf3 Bxf3 15. Qxf3 Be7 16. f5 exf5 17. gxf5 Qb6 18. a5 Qc7 19. a6 b6 20. Rac1 Qc8 21. c4 dxc4 22. Rxc4 c5 23. Kh1 Rb8 24. f6 gxf6 25. exf6 Nxf6 26. dxc5 Qxa6 27. Rf4 bxc5 28. Nxc5 Qb6 29. Be3 Bxc5 30. Rxf6 Bxe3 31. Qe4+ Kd8 32. Rd1+ Kc8 1-0